Kształty państw według pierwszych liter - speedrun - Statystyki

Ogólne statystyki
  • Ten quiz został rozwiązany 3 645 razy
  • Średni wynik to 11 z 20
Statystyki odpowiedzi
Obrazkowy Odpowiedź % Poprawnych
Włochy
73%
Grecja
72%
Australia
71%
Cypr
70%
Indonezja
70%
Islandia
69%
Rosja
69%
Chile
68%
Hiszpania
68%
Indie
68%
Wielka Brytania
68%
Chorwacja
67%
Francja
67%
Kanada
67%
Norwegia
67%
Egipt
66%
Turcja
66%
Chiny
65%
Niemcy
65%
Portugalia
65%
Stany Zjednoczone
65%
Brazylia
64%
Maroko
64%
Meksyk
64%
Austria
62%
Japonia
62%
Szwecja
62%
Dania
61%
Irlandia
61%
Somalia
61%
Filipiny
60%
Madagaskar
60%
Republika Południowej Afryki
60%
Szwajcaria
60%
Wietnam
60%
Holandia
59%
Papua-Nowa Gwinea
59%
Sri Lanka
59%
Tajlandia
59%
Finlandia
58%
Kuba
58%
Libia
58%
Argentyna
57%
Izrael
57%
Iran
54%
Mali
54%
Nowa Zelandia
54%
Senegal
54%
Algieria
53%
Kazachstan
52%
Namibia
52%
Pakistan
52%
Arabia Saudyjska
51%
Mjanma
51%
Monako
51%
Laos
50%
Demokratyczna Republika Konga
49%
Malezja
49%
Serbia
49%
Tajwan
49%
Bangladesz
48%
Angola
47%
Estonia
47%
Panama
46%
Czad
45%
Mozambik
45%
Wenezuela
45%
Irak
44%
Peru
44%
Syria
44%
Haiti
43%
Afganistan
41%
Kamerun
41%
Kolumbia
41%
Korea Północna
41%
Korea Południowa
41%
Paragwaj
41%
Zjednoczone Emiraty Arabskie
41%
Jordania
37%
Malta
37%
Tunezja
37%
Kuwejt
35%
Kenia
32%
Ekwador
30%
Nikaragua
29%
Bahamy
26%
Kostaryka
26%
Tanzania
26%
Katar
24%
Nie znaleziono quizów pasujących do podanych kryteriów
Rozkład punktacji
Procent ludzi z każdym wynikiem
Percentyl według liczby udzielonych odpowiedzi
Twoja historia wyników
Nie rozwiązałeś tego quizu